Регионална библиотека "Любен Каравелов" - Русе

Български хроники (Запис номер 62396)

MARC детайли
000 -Лидер
Контролно поле с фиксирана дължина 02272nam a2200421 c 4500
003 - Код на организацията, давaща контролен номер
Контролно поле BLK
005 - Дата и час на последна редакция
Контролно поле 20250709172219.0
008 - Елементи от данни с фиксирана дължина
fixed length control field 180408b bul|||||r ||||||| ||bul||
010 ## - Наследен системен номер
LC control number KNG00066620000
020 ## - Международен стандартен номер на книга ISBN
Международен стандартен номер на книга ISBN 954-528-610-5
-- издат.: Труд - на том(т. 1)(мека подв.)(Труд)
020 ## - Международен стандартен номер на книга ISBN
Международен стандартен номер на книга ISBN 978-954-528-610-0
-- издат.: Труд - на том(т. 1)(мека подв.)(Труд)
020 ## - Международен стандартен номер на книга ISBN
Международен стандартен номер на книга ISBN 954-491-281-9
-- издат.: Жанет 45 - на том(т. 1)(мека подв.)(Жанет 45)
020 ## - Международен стандартен номер на книга ISBN
Международен стандартен номер на книга ISBN 978-954-491-281-9
-- издат.: Жанет 45 - на том(т. 1)(мека подв.)(Жанет 45)
040 ## - Източник на каталожния запис
Идентификатор на билиотеката - собственик на записа BLK
041 ## - Код за език
Код за езика на текст/звукозапис или на отделно заглавие Български
Код за езика КДБФ Български
080 ## - УДК
Текстов определител УДК Българска литература
УДК код - определител по УДК 821.163.2
УДК определител -94
УДК - код + определител 821.163.2-94
080 ## - УДК
Текстов определител УДК История на България
УДК код - определител по УДК 94(497.2)
УДК определител (0:82-94)
УДК - код + определител 94(497.2)(0:82-94)
100 1# - Редна дума - Автор
Автор Цанев, Стефан Неделчев
Дати, свързани с автора 1936-
Автор - информация (биография) Писател, поет, драматург.
R(LIN) 364639
139 ## - Редно поле
Редна дума Цанев, Стефан Неделчев
Авторски знак Цан - Ц 16
245 10 - Сведения за заглавието
Заглавие Български хроники
Подзаглавни данни Поема : Т. 1 -
Редно поле (дума) Стефан Неделчев Цанев.
Том Т. 1
Заглавие на том 2137 г. пр. Хр. - 1453 г. сл. Хр.
257 ## - Страна на издаване
Страна на създаване/издаване България
260 ## - Област на издателските данни
-- София ; Пловдив
Година на издаване 2006 -
Печатница Пловдив : Жанет 45
300 ## - Физическа характеристика
Размери/Мащаб 21 см
380 ## - Жанр
Жанр Худож. лит.
500 ## - Общи забележки
Забележка Офс. изд.
650 #0 - Допълнително описание по предмет – тема
Основно описание – тема или топоним България - история
9 (RLIN) 244493
650 #4 - Допълнително описание по предмет – тема
Основно описание – тема или топоним Прабългари
9 (RLIN) 167314
651 #4 - Допълнително описание по предмет - топоним
Географско понятие България
9 (RLIN) 241624
653 ## - Ключова дума – ненормативна
Ключова дума прабългари
653 ## - Ключова дума – ненормативна
Ключова дума българска история
760 1# - Описание на основната серия
-- - на том(т. 1)(мека подв.)(Труд), - на том(т. 1)(мека подв.)(Жанет 45)
Редна дума на основното описание Цанев, Стефан Неделчев
Място на издаване, издател и година Труд, Жанет 45, 2006
Страници - том 504 с.
Забележка - том Кор. загл. Български хроники : История на нашия народ от 2137 г. пр. Хр. до 1453 г. сл. Хр. - Т. 1 вкл. кн. 1 - 2.
Заглавие Т. 1 2137 г. пр. Хр. - 1453 г. сл. Хр.
852 ## - Местоположение
Форматна сигнатура Цб 228226
856 4# - Електронен адрес и достъп
Електронен формат pdf - файл
Път до файла /url/
856 4# - Електронен адрес и достъп
Електронен формат pdf - файл
Път до файла /url/
942 ## - АРТИКУЛИ
Вид на библиотечния материал Книги
Скрит в OPAC Не
Koha issues (borrowed), all copies 24
944 ## - СЪЗДАВАНЕ И РЕДАКЦИЯ на ЗАПИСА
Създаване/Редакция Създаване
Дата на регистрацията/редакция 22.06.2006
Статус, дата на статуса Кръстинка Христова
Служител, извършил регистрацията/редакцията 30539
944 ## - СЪЗДАВАНЕ И РЕДАКЦИЯ на ЗАПИСА
Създаване/Редакция Редакция
Дата на регистрацията/редакция 21.06.2013
Статус, дата на статуса ф /
Служител, извършил регистрацията/редакцията
999 ## - СИСТЕМНИ КОНТРОЛНИ НОМЕРА
Koha biblionumber 62396
Koha biblioitemnumber 62396
Наличности
Код за отписване Код за изгубен артикул Източник на класификационната схема Код за повреда Коз за рестрикции Код за отдаване Артикулен № Име на библиотеката - собственик Име на библиотеката, в която се намира в момента Статус (Текущо местоположение) Дата на вписване в системата Местоположение - отдел Цена в лева Инвентарен номер Систематично азбучна сигнатура Баркод Номер на екземпляра Цена в евро Служебна бележка Служебен тип на артикула
Изтеглен Не е изгубен Universal Decimal Classification Не е повреден без рестрикции заемане за дома 103675 Регионална библиотека "Любен Каравелов" Русе Регионална библиотека "Любен Каравелов" Русе Заемна - подръчен фонд 2006-06-22 Заемна - подръчен фонд 14.99 120000703305 П 886.7-9/Ц 16 120000703305 1 7.66 Дост: Pk Вид: Ф N: 11 Дата: 22.06.2006 Дата инв: 16.02.2018 Бележки инв: П2018 Книги
Изтеглен Не е изгубен Universal Decimal Classification Не е повреден без рестрикции заемане за дома 103676 Регионална библиотека "Любен Каравелов" Русе Регионална библиотека "Любен Каравелов" Русе Заемна - подръчен фонд 2006-10-19 Заемна - подръчен фонд 14.99 120000705954 П 886.7-9/Ц 16 120000705954 2 7.66 Дост: Pk Вид: Ф N: 16 Дата: 17.10.2006 Дата инв: 09.02.2018 Бележки инв: П2018 Книги
Изтеглен Не е изгубен Universal Decimal Classification Не е повреден без рестрикции заемане за дома 103677 Регионална библиотека "Любен Каравелов" Русе Регионална библиотека "Любен Каравелов" Русе Заемна - подръчен фонд 2006-10-19 Заемна - подръчен фонд 14.99 120000705955 П 886.7-9/Ц 16 120000705955 3 7.66 Дост: Pk Вид: Ф N: 16 Дата: 17.10.2006 Дата инв: 09.02.2018 Бележки инв: П2018 Книги
  Не е изгубен   Не е повреден без рестрикции ползва се в читалня 103678 Регионална библиотека "Любен Каравелов" Русе Регионална библиотека "Любен Каравелов" Русе Хранилище 2007-04-18 Хранилище 14.99 120000712469 Цб 228226 120000712469 4 7.66 Дост: Dp Вид: Д N: 40 Дата: 06.09.2006 Книги
  Не е изгубен Universal Decimal Classification Не е повреден без рестрикции заемане за дома 103679 Регионална библиотека "Любен Каравелов" Русе Регионална библиотека "Любен Каравелов" Русе Заемна - подръчен фонд 2013-04-05 Заемна - подръчен фонд 14.99 120000765574 П 886.7-9/Ц 16 120000765574 5 7.66 Дост: DA Вид: А N: 4 Дата: 05.04.2013 Книги
Vip Innovations Ltd, Rousse, Bulgaria 2025